Missing Word: Artists With Top 10 Hits: A Quiz Stats

 Plays Quiz Updated May 23, 2016

Challenge
Share
Tweet
Embed
Score 0/24 Timer 04:00
1 Play Today
Name Word % Correct
_____ LavigneAvril
91.9%
_____ of BaseAce
91.4%
_____ MorissetteAlanis
89.2%
Christina _____Aguilera
86%
_____ DevelopmentArrested
85.8%
_____ Lennox And Al GreenAnnie
85.2%
Iggy _____Azalea
84.7%
_____ SupplyAir
83.2%
Tatyana _____Ali
75.3%
Marc _____Anthony
70%
Lady _____Antebellum
67.1%
Clay _____Aiken
66.8%
Name Word % Correct
_____ GrantAmy
65.6%
Soul _____Asylum
48.2%
_____ SimpsonAshlee
44.1%
_____ Bad CreationAnother
39.2%
Jason _____Aldean
37.7%
_____ MylesAlannah
30.1%
del _____Amitri
23.5%
_____ ClareAlex
19.4%
David _____Archuleta
17.1%
_____ HowardAdina
9.4%
_____ 7After
8.3%
Public _____Announcement
6.3%

Today's Daily Dose

You're not logged in!

Compare scores with friends on all Sporcle quizzes.
OR
Log In

You Might Also Like...

Show Comments

Extras

Top Quizzes Today


Score Distribution

Your Account Isn't Verified!

In order to create a playlist on Sporcle, you need to verify the email address you used during registration. Go to your Sporcle Settings to finish the process.

Report this User

Report this user for behavior that violates our Community Guidelines.

Details: